Missing Word: Book Titles (Pseudonyms) A-Z Quiz Stats

 Plays Quiz Updated Apr 28, 2017

Support Sporcle.
Go Orange.
Score 0/24 Timer 05:00
0 Plays Today
Title Word % Correct
G: Fifty Shades of _____Grey
97%
F: Adventures of Huckleberry _____Finn
96.4%
W: Alice's Adventures in _____Wonderland
95.6%
N: _____ Eighty-Four Nineteen
93%
O: A Clockwork _____Orange
92.8%
Q: The African _____Queen
91.5%
K: I _____ Why the Caged Bird SingsKnow
90.2%
T: _____, Tailor, Soldier, SpyTinker
89%
A: Out of _____Africa
88.3%
L: The _____ WalkLong
78.9%
H: _____ of DarknessHeart
77.3%
S: Atlas _____Shrugged
77.2%
Title Word % Correct
I: And to Think That I Saw _____ on Mulberry StreetIt
74.8%
U: Her Smoke Rose _____ ForeverUp
74.8%
M: Silas ______Marner
67%
P: Twenty Love _____ and a Song of DespairPoems
61.9%
Y: The Rose and the _____ TreeYew
50.9%
J: The Clue in the _____ BoxJewel
35.2%
R: The Reptile _____Room
26.1%
Z: Track of the _____Zombie
21.4%
C: The Cuckoo's _____Calling
21.2%
B: City of _____Bones
20.8%
E: The _____ of the WorldEye
13.4%
D: The Temple of _____Dawn
7.9%

Today's Daily Dose

You're not logged in!

Compare scores with friends on all Sporcle quizzes.
OR
Log In
Forgot?

From the Vault

Renamed Cities

by GeoExpert

I seem to get lost when I travel abroad, now I know why. They keep changing the names of the cities!
Remove Ads.
Support Sporcle.
Get the best of Sporcle when you Go Orange. This ad-free experience offers more features, more stats, and more fun while also helping to support Sporcle. Thank you for becoming a member.

Show Comments

Extras

Top Quizzes Today


Score Distribution

Your Account Isn't Verified!

In order to create a playlist on Sporcle, you need to verify the email address you used during registration. Go to your Sporcle Settings to finish the process.

Report this User

Report this user for behavior that violates our Community Guidelines.

Details: